| 000 | 00501nam a22001817a 4500 | ||
|---|---|---|---|
| 999 |
_c180243 _d180243 |
||
| 005 | 20210803110347.0 | ||
| 010 | _aENG-129661 | ||
| 020 |
_a978-93-81383-01-8 _c400.00 |
||
| 035 | _aEN-113193 | ||
| 037 | _bDBAD/PUB | ||
| 082 |
_a158.1 _b1 |
||
| 100 | _aVAID, SUNIL | ||
| 245 |
_aBEAT THE EXAM THE SMART WAY/ _cSUNIL VAID |
||
| 260 |
_aDELHI _bANKUR _c2011 |
||
| 270 |
_a231,SEC 15 A NOIDA (U.P) _bDELHI _e110032 |
||
| 300 |
_a246 p. _b22Cm(pbk) |
||
| 942 |
_2ddc _cEN _e1 _h158.1 _kVAI |
||